• 首页
  • 本馆介绍
  • 公告通知
  • 最新文献
  • 馆藏检索
  • 电子资源
  • 读者导购
  • 参考咨询
  • 我的图书馆
  • 登录
  • 详细信息显示
  • 放入我的书架
  • 预约/预借图书
  • 作者相关作品
  • 分类相关作品
  • 丛书相关作品
  • 出版社相关作品

书目信息

  • 表格格式
  • 工作单格式
  • 卡片格式
题名:
谋扫四海
    
 
作者: 姜若木 编著
分册:  
出版信息: 北京   台海出版社  2013
页数: 238页
开本: 24cm
丛书名: 谋定天下系列
单 册:
中图分类: K247.09
科图分类:
主题词: 元代--历史--通俗读物 , 元代 , 历史
电子资源:
ISBN: 978-7-5168-0224-3
000 00978nam0 2200289 450
001 2366557532
005 20231129010831.23
010    @a978-7-5168-0224-3@dCNY49.80
090    @aK247.09@bjrm
100    @a20140429d2013 em y0chiy50 ea
101 0  @achi
102    @aCN@b110000
105    @aa z 000yy
200 1  @a谋扫四海@Amou sao si hai@e元朝开国奇谋@f姜若木编著
210    @a北京@c台海出版社@d2013
215    @a238页@c图,照片@d24cm
225 2  @@a谋定天下系列
330    @a本书主要是讲述成吉思汗和忽必烈的谋略。全书阐述了他们采取的一系列政治措施和军事行动,他们在频繁的征战杀伐中所表现出来的超群的智谋,以及他们在巩固统一的多民族国家中所运用的策略和他们所取得的辉煌成绩。
410  0 @12001 @a谋定天下系列
517 1  @a元朝开国奇谋@9yuan chao kai guo qi mou
606 0  @a元代@x历史@j通俗读物
606 0  @a元代
606 0  @a历史
690    @aK247.09@v5
701  0 @a姜若木@Ajiang ruo mu@4编著
801  0 @aCN@bNLC@c20140429
905    @aZUCC@dK247.09@e13
    
    谋扫四海:元朝开国奇谋/姜若木编著.-北京:台海出版社,2013
    238页:图,照片;24cm.-(谋定天下系列)
    
    
    ISBN 978-7-5168-0224-3:CNY49.80
    本书主要是讲述成吉思汗和忽必烈的谋略。全书阐述了他们采取的一系列政治措施和军事行动,他们在频繁的征战杀伐中所表现出来的超群的智谋,以及他们在巩固统一的多民族国家中所运用的策略和他们所取得的辉煌成绩。
●
相关链接 在五车中查询图书 在当当中查询图书 在豆瓣中查询图书


正题名:谋扫四海     索取号:K247.09/13         预约/预借

序号 登录号 条形码 馆藏地/架位号 状态 备注
1 2001016337   2001016337   315书库/四34架A面6层6列/ [索取号:K247.09/13] 在馆    
2 2001016338   2001016338   315书库/四34架A面6层6列/ [索取号:K247.09/13] 在馆    
3 2001016339   2001016339   315书库/四34架A面6层6列/ [索取号:K247.09/13] 在馆    
4 2001016340   2001016340   315书库/四34架A面6层6列/ [索取号:K247.09/13] 在馆    
5 2001016341   2001016341   315书库/四34架A面6层6列/ [索取号:K247.09/13] 在馆    
6 2001016342   2001016342   315书库/四34架A面6层6列/ [索取号:K247.09/13] 在馆    
山东省滨州职业学院图书馆 欢迎您!
大连网信软件有限公司© 版权所有